Star Wars Trivia 2 - Statistics

General Stats
  • This quiz has been taken 2,786 times
    2,779 since last reset
  • The average score is 16 of 19
Answer Stats
Clue Answer % Correct
Who is Anakin Skywalker's alter ego? Darth Vader
98%
Who built C-3PO? Anakin Skywalker
96%
Who is the brave astro droid? R2-D2
96%
Who is Chewbacca's best friend? Han Solo
94%
Who is the main Master Jedi? Yoda
94%
What is Chewbacca's nickname? Chewie
93%
Who is Luke Skywalker's sister? Princess Leia
93%
What race is Chewbacca? Wookie
93%
What live in treehouses? Ewoks
92%
Who is Anakin's wife? Padme
92%
What is the highest level of Jedi? Master
90%
Where are the Skywalkers from? Tatooine
89%
Who is THE Sith Lord? Darth Sidious
80%
What does Anakin race as a child? Pod Race
79%
Where does Yoda Live? Dagobah
78%
Who is Obi Wan Kenobi's master? Qui Gon Jinn
75%
Who was Darth Sidious' padawan before Vader? Darth Maul
70%
What kind of being is Jar Jar Binks? Gungan
70%
What is the rebel base on Hoth? Echo Base
27%
No matching quizzes found
Score Distribution
Percent of People with Each Score
Percentile by Number Answered
Your Score History
You have not taken this quiz since the last reset